书目信息 |
| 题名: |
高温超导物理
|
|
| 作者: | 韩汝珊 编著 | |
| 分册: | ||
| 出版信息: | 北京 北京大学出版社 1998.09 |
|
| 页数: | 336页 | |
| 开本: | 21cm | |
| 丛书名: | ||
| 单 册: | ||
| 中图分类: | O522 | |
| 科图分类: | ||
| 主题词: | 高压物理学 , 高温物理学 | |
| 电子资源: | ||
| ISBN: | 7-301-03699-X | |
| 000 | 00607nam0 2200217 45 | |
| 001 | 0405180960 | |
| 005 | 20040518090709.2 | |
| 010 | @a7-301-03699-X@dCNY19.00 | |
| 100 | @a20040518d1998 km y0chiy0120 ea | |
| 101 | 0 | @achi |
| 105 | @a z 000yy | |
| 200 | 1 | @a高温超导物理@AGao Wen Chao Dao Wu Li@f韩汝珊编著@FHan Ru Shan Bian Zhu |
| 210 | @a北京@c北京大学出版社@d1998.09 | |
| 215 | @a336页@d21cm | |
| 300 | @a北京大学物理学丛书(教材) | |
| 606 | 0 | @a高压物理学 |
| 606 | 0 | @a高温物理学 |
| 690 | @aO522@v3 | |
| 701 | 0 | @a韩汝珊@4编著 |
| 801 | @aCN@bPftUser@c20040518 | |
| 905 | @f4@b280905-908@dO522@e2 | |
| 高温超导物理/韩汝珊编著.-北京:北京大学出版社,1998.09 |
| 336页;21cm |
| 北京大学物理学丛书(教材) |
| ISBN 7-301-03699-X:CNY19.00 |
| ● |
| 相关链接 |
|
|
|
|
正题名:高温超导物理
索取号:O522/2
 
预约/预借
| 序号 | 登录号 | 条形码 | 馆藏地/架位号 | 状态 | 备注 |
| 1 | 0280905 | 002809054 | 第三借阅区/ [索取号:O522/2] | 在馆 | |
| 2 | 0280906 | 002809063 | 第三借阅区/ [索取号:O522/2] | 在馆 | |
| 3 | 0280907 | 002809072 | 第三借阅区/ [索取号:O522/2] | 在馆 | |
| 4 | 0280908 | 002809081 | 第三借阅区/ [索取号:O522/2] | 在馆 |